Score 0/15 Timer 02:00
0 Plays Today
Clue 4-Letter Word % Correct
'Blast from the ___'PAST
98.6%
Where many college students liveDORM
90.8%
Fruity Pebbles companyPOST
88.1%
Push out one's lipsPOUT
86.3%
Intermediate in temperatureWARM
82.2%
Cause damage toHARM
80.7%
The object at the bottom of some mezcal bottlesWORM
78.8%
Sunrise directionEAST
78.5%
Clue 4-Letter Word % Correct
Work from home necessity?ZOOM
78.1%
Landmark 1993 first-person shooterDOOM
75.4%
Type of suit popular in the 1940sZOOT
68.7%
Simple; straightforwardEASY
67.3%
Disastrous defeatROUT
63.5%
A solution to the quadratic equationROOT
61.4%
Like a diamond; difficultHARD
49.8%

Today's Daily Dose

Missing Word
I Hardly Know Her!

Word Ladder
Sentence Ending

Quick Pick
Female Firsts

Get the Picture
Triathlon Sports

Remove Ads.
Support Sporcle.
Get the best of Sporcle when you Go Orange. This ad-free experience offers more features, more stats, and more fun while also helping to support Sporcle. Thank you for becoming a member.

You're not logged in!

Compare scores with friends on all Sporcle quizzes.
OR
Log In

Show Comments

Extras

Top Quizzes Today


Score Distribution

Your Account Isn't Verified!

In order to create a playlist on Sporcle, you need to verify the email address you used during registration. Go to your Sporcle Settings to finish the process.

Report this User

Report this user for behavior that violates our Community Guidelines.

Details: